00349nam a2200109Ia 4500082001200000245001500012100005000027942000700077008004100084999001900125952009500144 aAF BLOE 0aSpinnerak  a BLOEMHOF, Francois Pretoria, 2006 915010 cBK210817s9999 xx 000 0 und d c206309d206308 00104070aFUNDLbFUNDLd2021-08-18g63.00l0p33228022873630r2021-08-18w2021-08-18yBK